000 00602nam a2200145 4500
999 _c13275
_d13275
008 190221b ||||| |||| 00| 0 eng d
082 _aDPer 050 T48 Apr-June 2016 v. 187, n. 12-24.
100 _937089
_aRhodan, Maya
245 _aAmerica rallied around putting a woman on the $10 bill. But what if Hamilton fans stick her on the back?/
_cMaya Rhodan and David Von Drehle.
260 _aHong Kong:
_bTime Asia,
_cc2016.
300 _av187 n15, pages 36-39:
_billustrations;
_c27 cm.
650 _aMoney
_937091
_zUnited States of America.
700 _937323
_aDrehle, David Von
_eAuthor
942 _2ddc
_cPER